[Event "Bad Homburg"]
[Site "Bad Homburg"]
[Date "1998.07.23"]
[Round "6"]
[White "Dautov, Rustem"]
[Black "Lobron, Eric"]
[Result "0-1"]
[WhiteElo "2625"]
[BlackElo "2540"]
[PlyCount "120"]
[EventDate "1998.07.17"]
[Source "ChessBase"]
[SourceDate "1998.09.30"]

1. d4 Nf6 2. Nf3 e6 3. c4 c5 4. d5 b5 5. Bg5 Qa5+ 6. Qd2 Qxd2+ 7. Nbxd2 exd5 8. Bxf6 gxf6 9. cxd5 Na6 10. e4 Rb8 11. Be2 Nc7 12. O-O Bd6 13. a4 a6 14. axb5 axb5 15. Ra7 Kd8 16. b3 Re8 17. Bd3 Na6 18. Ra1 Nb4 19. Bf1 Rb6 20. R7a5 Ba6 21. Rc1 f5 22. e5 Bxe5 23. Rxc5 Bd6 24. Rcxb5 Bxb5 25. Bxb5 Rb8 26. Bc4 Ke7 27. Nf1 Ra8 28. Rb5 Reb8 29. Rxb8 Bxb8 30. g3 Ba7 31. Nh4 Kf6 32. Ng2 Bc5 33. Nge3 Ra2 34. Kg2 Rb2 35. Kf3 d6 36. Nd1 Ra2 37. Nfe3 Bd4 38. Bf1 Rd2 39. Bh3 Bxe3 40. Nxe3 Nxd5 41. Bxf5 h6 42. Nc4 Ra2 43. Bg4 Ke7 44. h4 Rc2 45. Kg2 Rc3 46. Bd1 Ke6 47. Na3 Rc1 48. Bh5 Nf6 49. Be2 d5 50. Nb5 Ke5 51. Bd3 d4 52. Kf3 Nd5 53. Ke2 Nb4 54. Bh7 Ra1 55. f4+ Kd5 56. Nc7+ Kc5 57. Ne8 Ra2+ 58. Kf3 d3 59. Ng7 d2 60. Ke2 Nd5 0-1

[Event "SLO vs NED Juniors"]
[Site "?"]
[Date "2004.09.17"]
[Round "3"]
[White "Beliavsky Alexander G"]
[Black "Janssen Ruud"]
[Result "1-0"]
[WhiteElo "2679"]
[BlackElo "2484"]
[PlyCount "124"]
[EventDate "2004.??.??"]
[Source "www.chesslib.no"]
[SourceDate "2004.05.04"]

1. d4 Nf6 2. c4 e6 3. Nf3 c5 4. g3 Nc6 5. Bg2 cxd4 6. Nxd4 Bc5 7. Nb3 Bb4+ 8. Bd2 Qb6 9. O-O Bxd2 10. N1xd2 d5 11. cxd5 exd5 12. Nf3 O-O 13. Rc1 a5 14. Qc2 a4 15. Nc5 a3 16. b3 Nb4 17. Qd2 Bd7 18. Ne5 Bc6 19. Ned3 Nxd3 20. Qxd3 Rfe8 21. Rfe1 Bb5 22. Qd2 Bc6 23. Qd4 Ne4 24. Ne6 Qxd4 25. Nxd4 Rac8 26. Bh3 Rc7 27. Rc2 Rce7 28. Rec1 g6 29. Nxc6 bxc6 30. Rxc6 d4 31. Bf1 Nc3 32. e3 Nxa2 33. Ra1 Nb4 34. Rc4 dxe3 35. Rxb4 e2 36. Bxe2 Rxe2 37. Rxa3 R8e6 38. Rf4 Kg7 39. Ra7 Rf6 40. Raa4 Rb6 41. Rac4 Re7 42. b4 h5 43. h4 Re2 44. Rc7 Rf6 45. Rxf6 Kxf6 46. Rc4 Rb2 47. Rf4+ Ke6 48. Kf1 f6 49. Kg2 Ke5 50. Kf3 g5 51. Rc4 Rb3+ 52. Kg2 Kf5 53. Rc5+ Kg6 54. hxg5 fxg5 55. Rb5 Kf6 56. Rb8 Kf5 57. b5 Kf6 58. b6 Kg7 59. f4 h4 60. f5 Rxg3+ 61. Kh2 Rb3 62. b7 Rb2+ 1-0

[Event "TCh-NED"]
[Site "Enschede"]
[Date "2004.05.20"]
[Round "1"]
[White "Chuchelov, Vladimir"]
[Black "Ljubojevic, Ljubomir"]
[Result "1-0"]
[WhiteElo "2593"]
[BlackElo "2569"]
[PlyCount "61"]
[EventDate "2004.05.20"]
[Source "Roberto Alvarez"]
[SourceDate "2004.05.24"]

1. Nf3 Nf6 2. d4 e6 3. c4 c5 4. d5 exd5 5. cxd5 d6 6. e4 g6 7. Bd3 Bg7 8. O-O O-O 9. h3 Re8 10. Nc3 a6 11. a4 c4 12. Bxc4 Nxe4 13. Nxe4 Rxe4 14. Bd3 Re8 15. Bg5 Bf6 16. Qd2 Nd7 17. Rae1 Ne5 18. Bxf6 Qxf6 19. Nxe5 Rxe5 20. Rxe5 dxe5 21. Qb4 a5 22. Qb5 b6 23. Qe8+ Kg7 24. Re1 Bb7 25. Qd7 Rb8 26. Qc7 Qd8 27. Qxe5+ Kg8 28. d6 Rc8 29. Bb5 Qf8 30. d7 Rd8 31. Qe8 1-0

[Event "Open"]
[Site "New York op"]
[Date "1988.??.??"]
[Round "?"]
[White "Gurevich, Mikhail N"]
[Black "Alburt, Lev O"]
[Result "1/2-1/2"]
[WhiteElo "2625"]
[BlackElo "2525"]
[PlyCount "102"]
[EventDate "1988.??.??"]
[Source "www.chesslib.no"]
[SourceDate "2004.05.04"]

1. Nf3 Nf6 2. c4 e6 3. d4 c5 4. d5 b5 5. Bg5 Qa5+ 6. Qd2 Qxd2+ 7. Nbxd2 Na6 8. e4 Nb4 9. Kd1 Ng4 10. Bh4 Be7 11. Bg3 bxc4 12. h3 Nf6 13. a3 Nbxd5 14. exd5 exd5 15. Ne5 a5 16. Be2 d6 17. Ng4 Rb8 18. Kc1 Be6 19. Rd1 Nd7 20. Nxc4 dxc4 21. Bxd6 Bxd6 22. Rxd6 Ke7 23. Rd2 Rb3 24. Rc2 Rhb8 25. Ne3 Ne5 26. Rb1 Rxe3 27. fxe3 Bf5 28. Rc3 Bxb1 29. Kxb1 Kd6 30. Bxc4 Nxc4 31. Rxc4 Re8 32. e4 Kc6 33. Kc2 Kb5 34. b3 Re6 35. Kd2 h5 36. g3 Rg6 37. Rc3 Rd6+ 38. Rd3 Re6 39. Rf3 f6 40. Kd3 Rd6+ 41. Kc2 Rd4 42. Re3 a4 43. Kc3 axb3 44. Kxb3 c4+ 45. Kc3 Rd6 46. e5 Re6 47. Re4 Ra6 48. Kb2 Re6 49. Kc3 Ra6 50. Kb2 Re6 51. Kc3 Kc5 1/2-1/2

[Event "American Continental 1st"]
[Site "Cali"]
[Date "2001.08.18"]
[Round "9"]
[White "Yermolinsky, Alex"]
[Black "Shabalov, Alexander"]
[Result "1-0"]
[WhiteElo "2571"]
[BlackElo "2574"]
[PlyCount "85"]
[EventDate "2001.08.09"]
[Source "ChessBase"]
[SourceDate "2001.09.11"]

1. d4 Nf6 2. c4 e6 3. Nf3 c5 4. e3 a6 5. dxc5 Bxc5 6. a3 O-O 7. b4 Be7 8. Bb2 d5 9. Nbd2 a5 10. b5 b6 11. cxd5 Qxd5 12. Bc4 Qh5 13. Ne5 Qxd1+ 14. Rxd1 Bb7 15. Ndf3 Ne4 16. O-O Nc5 17. Rd4 Rc8 18. Rfd1 h6 19. h4 Bf6 20. Ba2 Nbd7 21. Rxd7 Nxd7 22. Rxd7 Bxf3 23. gxf3 Rc2 24. Nxf7 Rxb2 25. Bxe6 Bxh4 26. Nxh6+ Kh7 27. Nf5 Bf6 28. Rd5 g6 29. Rd7+ Kh8 30. Nd6 Rf8 31. Nf7+ Rxf7 32. Bxf7 Bh4 33. Rd3 Kg7 34. Be8 a4 35. f4 g5 36. fxg5 Bxf2+ 37. Kf1 Bh4 38. g6 Bf6 39. Rd7+ Kg8 40. Bf7+ Kg7 41. Be8+ Kg8 42. Rf7 Bg7 43. Rb7 1-0

[Event "Subotica (izt)"]
[Site "?"]
[Date "1987.??.??"]
[Round "?"]
[White "Chernin, A."]
[Black "Alburt, L."]
[Result "1-0"]
[WhiteElo "2570"]
[BlackElo "2575"]
[PlyCount "89"]
[EventDate "1987.??.??"]
[Source "ChessBase"]
[SourceDate "1987.01.01"]

1. d4 Nf6 2. Nf3 e6 3. c4 a6 4. Nc3 c5 5. d5 b5 6. Bg5 b4 7. Ne4 d6 8. Nxf6+ gxf6 9. Bd2 f5 10. a3 bxa3 11. Rxa3 Bg7 12. Bc3 Bxc3+ 13. Rxc3 Qb6 14. Qc1 Nd7 15. Nd2 Rb8 16. Rb3 Qc7 17. Rxb8 Qxb8 18. g3 exd5 19. cxd5 O-O 20. Bh3 Ne5 21. O-O Qb4 22. Qc3 f4 23. Bg2 fxg3 24. hxg3 Bg4 25. Re1 Qxc3 26. bxc3 Rb8 27. f4 Nd7 28. e4 Kf8 29. Bf1 Rb2 30. Nc4 Rc2 31. Ne3 Rxc3 32. Nxg4 Rxg3+ 33. Kh2 Rxg4 34. Bh3 h5 35. Bxg4 hxg4 36. Kg3 f5 37. exf5 Nf6 38. Kh4 Nxd5 39. Kxg4 Nc3 40. Re3 Nb5 41. Kg5 c4 42. Kg6 Nc7 43. f6 Nd5 44. Re4 Nb6 45. f7 1-0

[Event "URS-FL"]
[Site "Tashkent"]
[Date "1980.??.??"]
[Round "?"]
[White "Beliavsky, Alexander G"]
[Black "Dorfman, Josif D"]
[Result "1/2-1/2"]
[WhiteElo "2590"]
[BlackElo "2540"]
[PlyCount "44"]
[EventDate "1980.09.??"]
[Source "ChessBase"]

1. d4 Nf6 2. c4 e6 3. g3 c5 4. Nf3 Qa5+ 5. Nc3 Ne4 6. Qd3 cxd4 7. Nxd4 Bb4 8. Ndb5 a6 9. Nc7+ Qxc7 10. Qxe4 d5 11. Qd4 e5 12. Qxd5 Be6 13. Qe4 Qxc4 14. Qxc4 Bxc4 15. Bd2 Nc6 16. e3 Be6 17. Bg2 O-O-O 18. O-O-O Na5 19. Nd5 Bxd2+ 20. Rxd2 Kb8 21. b3 Rd6 22. Rhd1 Rc8+ 1/2-1/2

[Event "Corr"]
[Site "Corr"]
[Date "1993.??.??"]
[Round "?"]
[White "Deuel, Alfred Yefimovich"]
[Black "Krantz, Kjell Erik"]
[Result "1/2-1/2"]
[WhiteElo "2600"]
[BlackElo "2525"]
[PlyCount "82"]
[EventDate "1993.??.??"]
[Source "www.chesslib.no"]
[SourceDate "2004.05.04"]

1. d4 Nf6 2. Nf3 e6 3. c4 c5 4. d5 Bd6 5. Nc3 Bc7 6. e4 d6 7. Bd3 exd5 8. exd5 O-O 9. O-O Re8 10. Qc2 Bg4 11. Ng5 h6 12. Nge4 Nxe4 13. Nxe4 Nd7 14. h3 Bf5 15. Nf6+ Qxf6 16. Bxf5 Ne5 17. b3 g6 18. Be4 Ba5 19. Rb1 h5 20. f4 Nc6 21. dxc6 Qd4+ 22. Kh2 Qxe4 23. Qxe4 Rxe4 24. cxb7 Rb8 25. f5 Rxb7 26. Bf4 Rd7 27. Rbd1 Bc3 28. Rd5 Rd4 29. Rxd4 Bxd4 30. Rf3 Kg7 31. fxg6 Kxg6 32. g4 hxg4 33. hxg4 f5 34. Kg3 fxg4 35. Kxg4 d5 36. cxd5 Rxd5 37. Rh3 Bg7 38. Re3 Rd4 39. Re6+ Kf7 40. Rd6 Ke7 41. Rxd4 Bxd4 1/2-1/2

[Event "CZE-ch"]
[Site "Karlovy Vary"]
[Date "2004.02.24"]
[Round "8"]
[White "Jirovsky, Milos"]
[Black "Hracek, Zbynek"]
[Result "1/2-1/2"]
[WhiteElo "2526"]
[BlackElo "2599"]
[PlyCount "110"]
[EventDate "2004.02.17"]
[Source "ChessBase"]
[SourceDate "2004.06.01"]

1. d4 Nf6 2. Nf3 e6 3. c4 c5 4. e3 cxd4 5. Nxd4 Bb4+ 6. Bd2 Be7 7. Nc3 Nc6 8. Nxc6 bxc6 9. Be2 O-O 10. O-O d5 11. Qc2 a5 12. Rad1 Bb7 13. Bc1 Bd6 14. b3 Qc7 15. h3 e5 16. Bb2 Rfe8 17. Rd2 Qe7 18. Rfd1 Rac8 19. Bf1 Bb4 20. Rc1 Red8 21. Rdd1 h6 22. Na4 Bd6 23. g3 Ba3 24. Bg2 Bxb2 25. Qxb2 dxc4 26. Nb6 Rxd1+ 27. Rxd1 Rd8 28. Rxd8+ Qxd8 29. Nxc4 e4 30. Qd2 Qxd2 31. Nxd2 Ba6 32. Nxe4 Nxe4 33. Bxe4 c5 34. Bd5 Kf8 35. e4 Ke7 36. f4 f6 37. e5 fxe5 38. fxe5 Bc8 39. Kg2 Be6 40. Bxe6 Kxe6 41. Kf3 Kxe5 42. Ke3 h5 43. Kd3 g5 44. a3 h4 45. gxh4 gxh4 46. Kc4 Kf4 47. Kxc5 Kg3 48. b4 axb4 49. axb4 Kxh3 50. b5 Kg2 51. b6 h3 52. b7 h2 53. b8=Q h1=Q 54. Qb7+ Kg1 55. Qxh1+ Kxh1 1/2-1/2

[Event "Comtois Masters 5th"]
[Site "Belfort"]
[Date "2002.07.05"]
[Round "8"]
[White "Tregubov, Pavel V"]
[Black "Koch, Jean Rene"]
[Result "1-0"]
[WhiteElo "2627"]
[BlackElo "2498"]
[PlyCount "111"]
[EventDate "2002.06.27"]
[Source "ChessBase"]
[SourceDate "2002.09.20"]

1. d4 Nf6 2. Nf3 c5 3. d5 e6 4. c4 b5 5. Bg5 b4 6. e4 d6 7. Nbd2 Be7 8. h3 e5 9. Be3 a5 10. Bd3 Nbd7 11. Nf1 a4 12. Ng3 a3 13. bxa3 Rxa3 14. Bc1 Ra6 15. a3 g6 16. O-O h5 17. Bd2 bxa3 18. Qc1 h4 19. Ne2 Nh5 20. Rxa3 Rxa3 21. Qxa3 O-O 22. Nc3 f5 23. Re1 Nb8 24. Nb5 Nf6 25. exf5 gxf5 26. Nxh4 Ne4 27. Bxe4 Bxh4 28. Bc2 Qf6 29. Qf3 Qg6 30. Ra1 Na6 31. Na7 Nb4 32. Bxb4 e4 33. Qf4 Bg5 34. Nxc8 Rxc8 35. Qg3 cxb4 36. h4 Rxc4 37. Bd1 Rc3 38. Qxg5 Qxg5 39. hxg5 b3 40. Rb1 Kg7 41. Kf1 Rd3 42. Ke2 Kg6 43. Rxb3 Rxd5 44. f4 exf3+ 45. gxf3 Kxg5 46. Rd3 Re5+ 47. Kf2 Re6 48. Rd5 Kf4 49. Bc2 Rf6 50. Bd3 Rf7 51. Rxd6 Ke5 52. Ra6 Kd4 53. Bb1 f4 54. Be4 Rf8 55. Ra5 Rb8 56. Rd5+ 1-0

[Event "It (Men) Santos BRA"]
[Site "?"]
[Date "2005.09.28"]
[Round "3"]
[White "Leitao Rafael"]
[Black "Rodriguez Andres"]
[Result "1-0"]
[WhiteElo "2598"]
[BlackElo "2523"]
[PlyCount "65"]
[EventDate "2005.??.??"]
[Source "www.chesslib.no"]
[SourceDate "2004.05.04"]

1. d4 e6 2. Nf3 Nf6 3. c4 c5 4. d5 b5 5. Bg5 Qa5+ 6. Nbd2 Ne4 7. b4 Qxb4 8. Rb1 Qc3 9. Rb3 Qa5 10. Rxb5 Qc3 11. Rb3 Qa5 12. Qb1 Nxg5 13. Nxg5 Be7 14. Nxh7 Na6 15. g3 d6 16. Bg2 e5 17. h4 Qd8 18. Nf3 Qa5+ 19. Nd2 Qd8 20. Nf3 Qa5+ 21. Kf1 Nc7 22. Nfg5 Qa4 23. Be4 Qxc4 24. Rf3 f5 25. Bxf5 Bxf5 26. Qxf5 Qxd5 27. e4 Qxa2 28. Kg2 Bxg5 29. Nxg5 Ke7 30. Qg6 Kd7 31. Rd1 Nb5 32. Nf7 Qe6 33. Nxh8 1-0

[Event "It (Men) Santos BRA"]
[Site "?"]
[Date "2005.09.26"]
[Round "1"]
[White "Leitao Rafael"]
[Black "Rodriguez Andres"]
[Result "1/2-1/2"]
[WhiteElo "2598"]
[BlackElo "2523"]
[PlyCount "174"]
[EventDate "2005.??.??"]
[Source "www.chesslib.no"]
[SourceDate "2004.05.04"]

1. d4 e6 2. c4 Nf6 3. Nf3 c5 4. d5 b5 5. Bg5 h6 6. Bxf6 Qxf6 7. Nc3 b4 8. Nb5 Kd8 9. e4 g5 10. Bd3 Bb7 11. O-O g4 12. e5 Qg7 13. Nd2 Qxe5 14. Re1 Qxb2 15. Ne4 exd5 16. Ned6 Bxd6 17. Nxd6 Kc7 18. Nxb7 Kxb7 19. cxd5 Qd4 20. Rc1 Rc8 21. Rc4 Qf6 22. Qxg4 Rc7 23. Rf4 Qc3 24. Rd1 d6 25. Bb5 a6 26. Ba4 Qe5 27. Rf5 Qe7 28. Qf3 Ra7 29. Kf1 Kb6 30. Re1 Qh4 31. Rf4 Qxh2 32. g3 Qh3+ 33. Kg1 Re7 34. Rfe4 Rxe4 35. Qxe4 Qc8 36. Qf4 Qd8 37. Re8 Qc7 38. Rf8 Ka5 39. Be8 Qe7 40. Rxf7 Qe1+ 41. Kh2 Rxf7 42. Qxf7 Kb6 43. Ba4 c4 44. Qf8 Kc5 45. Qxb8 Qxf2+ 46. Kh3 Qf5+ 47. Kh2 Qf2+ 48. Kh3 Qf5+ 49. Kh2 Qf2+ 50. Kh3 Qxa2 51. Qc7+ Kxd5 52. Be8 Qe2 53. Bf7+ Kd4 54. Qxd6+ Kc3 55. Qf6+ Kb3 56. Qf5 Qd1 57. Qe6 Qf1+ 58. Kg4 a5 59. Bg6 Qd1+ 60. Kh3 Qd4 61. Qe1 Qd7+ 62. Kh2 c3 63. Qb1+ Kc4 64. Qa2+ Kb5 65. Qe2+ Kc5 66. Qe5+ Qd5 67. Qe3+ Qd4 68. Qe7+ Qd6 69. Qe3+ Qd4 70. Qe7+ Kc4 71. Qc7+ Kb3 72. Qxa5 Qd2+ 73. Kh3 c2 74. Bf7+ Kb2 75. Qa2+ Kc3 76. Qa1+ Kd3 77. Bg6+ Ke2 78. Qe5+ Kf3 79. Bxc2 Qxc2 80. Qf4+ Ke2 81. Qxb4 Qf5+ 82. Qg4+ Qxg4+ 83. Kxg4 Kf2 84. Kh4 Kf3 85. g4 Kf4 86. Kh5 Kg3 87. Kxh6 Kxg4 1/2-1/2

[Event "Minsk op"]
[Site "?"]
[Date "1996.??.??"]
[Round "8"]
[White "Tunik Gennady"]
[Black "Fakhretdinov Robert"]
[Result "0-1"]
[WhiteElo "2560"]
[BlackElo "2560"]
[PlyCount "90"]
[EventDate "1996.??.??"]
[Source "www.chesslib.no"]
[SourceDate "2004.05.04"]

1. d4 Nf6 2. Nf3 e6 3. c4 c5 4. d5 b5 5. dxe6 fxe6 6. cxb5 Bb7 7. e3 d5 8. b3 Bd6 9. Bb2 O-O 10. Nbd2 Nbd7 11. Bd3 Qc7 12. h3 Rae8 13. Qc2 Kh8 14. O-O-O Ne5 15. Nxe5 Bxe5 16. Bxe5 Qxe5 17. Kb1 c4 18. bxc4 dxc4 19. Nxc4 Qxb5+ 20. Qb2 Qxb2+ 21. Kxb2 Bxg2 22. Rh2 Bf3 23. Rg1 e5 24. Bc2 Re7 25. Rg5 Rb8+ 26. Bb3 Nd7 27. h4 h6 28. Rg6 Nf6 29. Nd2 Bh5 30. Rg1 a5 31. Ka3 a4 32. Bc4 e4 33. Rb1 Rd8 34. Nf1 Bf3 35. Rb2 Ng4 36. Rh3 Ne5 37. Bb5 Nd3 38. Rb1 Rb7 39. Nd2 Nxf2 40. Rxf3 exf3 41. Nxf3 Ne4 42. Rb4 Nc3 43. Bc6 Nb1+ 44. Kxa4 Ra8+ 45. Kb3 Ra3+ 0-1

[Event "North American Open"]
[Site "Las Vegas"]
[Date "2003.12.28"]
[Round "4"]
[White "Najer, Evgeniy"]
[Black "Gurevich, Dmitry"]
[Result "1/2-1/2"]
[WhiteElo "2608"]
[BlackElo "2510"]
[PlyCount "115"]
[EventDate "2003.12.26"]
[Source "Roberto Alvarez"]
[SourceDate "2004.01.05"]

1. d4 Nf6 2. Nf3 e6 3. c4 c5 4. d5 b5 5. Bg5 Qa5+ 6. Qd2 Qxd2+ 7. Nbxd2 Na6 8. e4 bxc4 9. Bxc4 h6 10. Bxf6 gxf6 11. O-O-O Rb8 12. Rhe1 Bg7 13. Bb3 Nc7 14. Nc4 O-O 15. Re3 Rb4 16. a3 Rb8 17. Ba2 Nb5 18. Rb3 Ba6 19. dxe6 dxe6 20. a4 Nd4 21. Nxd4 cxd4 22. Rxd4 f5 23. e5 Bxc4 24. Rxc4 Bxe5 25. Rxb8 Rxb8 26. b4 Bxh2 27. g3 Bg1 28. Rf4 Kg7 29. Kd2 Bxf2 30. Rxf2 Rxb4 31. a5 Ra4 32. Ke3 Ra3+ 33. Kd4 Rxa5 34. Rb2 Ra3 35. Rg2 Kf6 36. Bc4 Kg5 37. Bb5 e5+ 38. Kd5 Ra5 39. Kc6 e4 40. Bc4 f6 41. Kd6 Ra4 42. Kd5 a5 43. Rf2 Ra3 44. Ke6 Rf3 45. Ra2 Rxg3 46. Rxa5 Rf3 47. Bd5 Rf4 48. Ra8 Rg4 49. Rg8+ Kf4 50. Re8 h5 51. Kxf6 h4 52. Be6 Rg5 53. Rh8 Kg4 54. Bc4 Kf4 55. Rxh4+ Rg4 56. Rh5 e3 57. Be2 Rg3 58. Rxf5+ 1/2-1/2

[Event "II Open ROMGAZ"]
[Site "Bucarest ROM"]
[Date "2008.09.18"]
[Round "8"]
[White "Miroshnichenko, E."]
[Black "Jianu, V."]
[Result "1-0"]
[WhiteElo "2593"]
[BlackElo "2522"]
[PlyCount "101"]
[EventDate "2008.09.11"]
[Source "www.chesslib.no"]
[SourceDate "2004.05.04"]

1. d4 Nf6 2. Nf3 e6 3. c4 c5 4. d5 b5 5. dxe6 fxe6 6. cxb5 d5 7. Nc3 Be7 8. e4 d4 9. Na4 O-O 10. Bd3 a6 11. b6 Nbd7 12. Qb3 Rb8 13. Bf4 Rb7 14. Bc7 Qe8 15. Qxe6+ Kh8 16. Qc6 Qg6 17. O-O Nb8 18. Bxb8 Rxb8 19. e5 Qxd3 20. exf6 Bxf6 21. Nxc5 Qc2 22. Qd6 Bg4 23. Nxd4 Qxb2 24. Nc6 Qxb6 25. Na4 Qb5 26. Nxb8 Rxb8 27. Rac1 Rd8 28. Qc6 Be2 29. Qxb5 Bxb5 30. Nc5 Bxf1 31. Kxf1 h6 32. Ne4 Be7 33. Rc7 Bb4 34. Ke2 a5 35. g4 a4 36. h4 a3 37. f4 Bf8 38. f5 Rb8 39. Rc2 Kg8 40. Kf3 Rb1 41. g5 hxg5 42. hxg5 Rb2 43. Rd2 Kf7 44. Kf4 Be7 45. Ke5 Rxd2 46. g6+ Kf8 47. Nxd2 Bf6+ 48. Ke6 Bb2 49. Ne4 Ba1 50. Kd7 Bb2 51. Ng5 1-0

[Event "USA (ch) 74/77"]
[Site "?"]
[Date "1998.??.??"]
[Round "?"]
[White "Yermolinsky, Alex"]
[Black "Shaked, Tal"]
[Result "1/2-1/2"]
[WhiteElo "2625"]
[BlackElo "2490"]
[PlyCount "108"]
[EventDate "1998.??.??"]
[Source "ChessBase"]
[SourceDate "1998.10.01"]

1. d4 Nf6 2. c4 e6 3. Nf3 c5 4. d5 exd5 5. cxd5 d6 6. e4 a6 7. Bd3 Bg4 8. Nbd2 Nbd7 9. h3 Bxf3 10. Nxf3 g6 11. O-O Bg7 12. Bf4 Qe7 13. Qd2 O-O 14. Rfe1 Rfe8 15. Rad1 Rad8 16. b3 Nh5 17. Bg5 Bf6 18. Be3 Bg7 19. Bb1 Ne5 20. Nh2 Rc8 21. Bg5 Bf6 22. Bh6 Bg7 23. Bxg7 Kxg7 24. f4 Nd7 25. g4 Nhf6 26. Nf3 Ng8 27. e5 dxe5 28. fxe5 c4 29. bxc4 Rxc4 30. Bd3 Qc5+ 31. Kg2 Rc3 32. e6 fxe6 33. dxe6 Ndf6 34. Rc1 Rc8 35. Rxc3 Qxc3 36. Qxc3 Rxc3 37. Be4 Ne7 38. Bxb7 Rc2+ 39. Kg3 Rxa2 40. Ne5 Ra3+ 41. Kh2 Ra2+ 42. Kg1 Ra3 43. Bg2 g5 44. Nf3 Kg6 45. Nd4 Rc3 46. Re5 h5 47. gxh5+ Nxh5 48. h4 Nf4 49. Rxg5+ Kf6 50. Rg4 Nxe6 51. Nxe6 Kxe6 52. Ra4 Nf5 53. Rxa6+ Kf7 54. Bd5+ Kg7 1/2-1/2

[Event "22nd SEA Games Team Standard"]
[Site "Ho Chi Minh City"]
[Date "2003.12.08"]
[Round "5"]
[White "Dao Thien Hai"]
[Black "Antonio, Rogelio Jr"]
[Result "1-0"]
[WhiteElo "2590"]
[BlackElo "2521"]
[PlyCount "52"]
[EventDate "2003.12.08"]
[Source "Roberto Alvarez"]
[SourceDate "2003.12.15"]

1. d4 Nf6 2. c4 e6 3. Nf3 c5 4. d5 exd5 5. cxd5 a6 6. a4 Bd6 7. Nc3 Qe7 8. Bg5 Bc7 9. e3 d6 10. Bd3 Bg4 11. O-O Nbd7 12. Re1 O-O 13. h3 Bh5 14. g4 Bg6 15. Bh4 Ba5 16. e4 Rfe8 17. Qc2 Rac8 18. Nd2 c4 19. Bf1 Qf8 20. f4 Bxc3 21. bxc3 Nxd5 22. f5 Nf4 23. Bg3 Nd3 24. Bxd3 cxd3 25. Qxd3 Ne5 26. Bxe5 dxe5 1-0

[Event "Philadelphia"]
[Site "?"]
[Date "1989.??.??"]
[Round "?"]
[White "Gurevich, M."]
[Black "Alburt, L."]
[Result "1/2-1/2"]
[WhiteElo "2590"]
[BlackElo "2520"]
[PlyCount "83"]
[EventDate "1989.??.??"]
[Source "ChessBase"]
[SourceDate "1989.07.01"]

1. d4 Nf6 2. Nf3 c5 3. d5 e6 4. c4 b5 5. Bg5 b4 6. e4 d6 7. a3 h6 8. Bxf6 Qxf6 9. Qc2 Nd7 10. axb4 cxb4 11. c5 exd5 12. Bb5 dxe4 13. Qxe4+ Qe7 14. Nbd2 d5 15. Qxe7+ Bxe7 16. Bc6 Rb8 17. O-O Bxc5 18. Rfe1+ Kf8 19. Bxd5 Bb7 20. Bxb7 Rxb7 21. Ne4 g6 22. Ne5 Be7 23. Nc6 Nb6 24. Rxa7 Rxa7 25. Nxa7 f5 26. Nd2 Kf7 27. Nc6 Bd6 28. g3 Rc8 29. Nd4 Bc5 30. N4f3 Bd6 31. Nd4 Bc5 32. N4f3 Nd7 33. Nb3 Bb6 34. Re2 Nf6 35. Kg2 Rc7 36. Ne5+ Kg7 37. Nd3 Rd7 38. Nxb4 Bxf2 39. Na6 Ba7 40. Nbc5 Bxc5 41. Nxc5 Rd1 42. b4 1/2-1/2

[Event "New York op"]
[Site "New York"]
[Date "1989.??.??"]
[Round "2"]
[White "Gurevich, Mikhail"]
[Black "Alburt, Lev O"]
[Result "1/2-1/2"]
[WhiteElo "2590"]
[BlackElo "2520"]
[PlyCount "81"]
[EventDate "1989.03.??"]
[Source "ChessBase"]

1. d4 Nf6 2. Nf3 e6 3. c4 c5 4. d5 b5 5. dxe6 fxe6 6. cxb5 Bb7 7. g3 Be7 8. Bg2 O-O 9. O-O a6 10. Nc3 Nd5 11. Nxd5 Bxd5 12. bxa6 Rxa6 13. Ne5 Bxg2 14. Kxg2 Qc7 15. Nf3 Qb7 16. Bf4 Bf6 17. Qc2 g5 18. Bxb8 Rxb8 19. h3 Qc6 20. b3 Bxa1 21. Rxa1 Qd5 22. e4 Qd6 23. Rc1 Qe7 24. Qd2 h6 25. h4 Qd6 26. Qe3 g4 27. Nh2 Qd4 28. Qf4 Rf8 29. Qxg4+ Kh7 30. Qe2 Rd6 31. e5 Qd2 32. Qe4+ Kh8 33. Nf3 Qd3 34. Qg4 Rd5 35. Qh5 Kg7 36. Rc4 Kh7 37. Ng5+ Kg7 38. Nf3 Kh7 39. Ng5+ Kg7 40. Nf3 Kh7 41. Ng5+ 1/2-1/2

[Event "Kurgan"]
[Site "Kurgan"]
[Date "1995.??.??"]
[Round "1"]
[White "Sherbakov, Ruslan"]
[Black "Rublevsky, Sergei"]
[Result "1/2-1/2"]
[WhiteElo "2520"]
[BlackElo "2585"]
[PlyCount "22"]
[EventDate "1995.??.??"]
[Source "ChessBase"]

1. d4 Nf6 2. c4 e6 3. Nf3 c5 4. d5 exd5 5. cxd5 d6 6. a4 g6 7. Ra3 Bg7 8. Re3+ Kf8 9. Ra3 Ke7 10. Re3+ Kf8 11. Ra3 Ke7 1/2-1/2

[Event "Moscow-A"]
[Site "Moscow RUS"]
[Date "1987.??.??"]
[Round "?"]
[White "Petursson, Margeir"]
[Black "Romanishin, Oleg M"]
[Result "0-1"]
[WhiteElo "2535"]
[BlackElo "2570"]
[PlyCount "78"]
[EventDate "1987.06.??"]
[Source "www.chesslib.no"]
[SourceDate "2004.05.04"]

1. d4 Nf6 2. c4 e6 3. Nf3 c5 4. e3 a6 5. Nc3 Be7 6. a3 d6 7. Bd3 Nbd7 8. O-O O-O 9. b4 b6 10. Rb1 Re8 11. Qe2 Qc7 12. Bd2 Bb7 13. Rfc1 Bf8 14. Ng5 g6 15. Nge4 Bg7 16. dxc5 dxc5 17. Be1 Rad8 18. f3 Nxe4 19. Nxe4 Ne5 20. Bg3 Qc8 21. Bxe5 Bxe5 22. bxc5 Bxe4 23. Bxe4 Qxc5 24. Rb3 Re7 25. Kh1 Red7 26. f4 Rd2 27. Qf3 Bf6 28. h3 Rb2 29. Rd3 Rxd3 30. Bxd3 Qxa3 31. Rd1 a5 32. e4 Kg7 33. f5 Qd6 34. Be2 Qe5 35. fxe6 Qxe6 36. Qd3 a4 37. Bg4 Qe7 38. c5 Qxc5 39. Rf1 Qe7 0-1

[Event "URS-FL56"]
[Site "Simferopol"]
[Date "1988.??.??"]
[Round "?"]
[White "Kharitonov, Andrei Y"]
[Black "Romanishin, Oleg M"]
[Result "1/2-1/2"]
[WhiteElo "2550"]
[BlackElo "2550"]
[PlyCount "41"]
[EventDate "1988.11.??"]
[Source "ChessBase"]

1. d4 Nf6 2. Nf3 e6 3. c4 c5 4. e3 d6 5. Nc3 Nbd7 6. Bd3 a6 7. O-O g6 8. b3 Bg7 9. Bb2 O-O 10. Rc1 b6 11. Ne4 Nxe4 12. Bxe4 Rb8 13. Qe2 b5 14. cxb5 axb5 15. dxc5 Bxb2 16. Qxb2 Nxc5 17. Bb1 Bb7 18. Qe2 b4 19. Rfd1 Bxf3 20. Qxf3 Qe7 21. Qf4 1/2-1/2

[Event "France (ch)"]
[Site "?"]
[Date "1999.??.??"]
[Round "?"]
[White "Bacrot, E."]
[Black "Koch, J._R."]
[Result "1-0"]
[WhiteElo "2590"]
[BlackElo "2510"]
[PlyCount "77"]
[EventDate "1999.??.??"]
[Source "Chess Informant"]
[SourceDate "1999.06.01"]

1. d4 Nf6 2. Nf3 c5 3. d5 e6 4. c4 b5 5. dxe6 fxe6 6. cxb5 Bb7 7. Nc3 Be7 8. Bg5 O-O 9. e3 d5 10. Bd3 Nbd7 11. O-O Kh8 12. Re1 Ng4 13. Bxe7 Qxe7 14. h3 Nge5 15. Nxe5 Nxe5 16. Bc2 Qh4 17. f4 Rad8 18. fxe5 d4 19. Qe2 dxc3 20. bxc3 Qg3 21. Rf1 Qxe5 22. Qd3 g6 23. Rxf8+ Rxf8 24. Rf1 Rxf1+ 25. Kxf1 Qg5 26. Qd2 Bd5 27. a4 Bc4+ 28. Kg1 Kg7 29. Be4 Qe5 30. Bc6 Qc7 31. Qd7+ Qxd7 32. Bxd7 Kf7 33. Bc6 Ke7 34. Be4 Kd6 35. g4 Kc7 36. Bc2 h6 37. Bxg6 Bb3 38. h4 e5 39. a5 1-0

[Event "ch-Euro Blitz"]
[Site "Ajaccio FRA"]
[Date "2007.10.26"]
[Round "30"]
[White "Fridman, D2."]
[Black "Riff, JN."]
[Result "1/2-1/2"]
[WhiteElo "2621"]
[BlackElo "2474"]
[PlyCount "132"]
[EventDate "2007.10.25"]
[Source "www.chesslib.no"]
[SourceDate "2004.05.04"]

1. d4 Nf6 2. c4 e6 3. Nf3 Nc6 4. a3 d6 5. Nc3 g6 6. g3 Bg7 7. Bg2 O-O 8. O-O Re8 9. d5 Ne7 10. e4 exd5 11. cxd5 c6 12. Nd4 cxd5 13. exd5 Nf5 14. Nxf5 Bxf5 15. h3 Ne4 16. Nxe4 Bxe4 17. f3 Bf5 18. g4 Bd7 19. a4 Qb6+ 20. Kh1 Rac8 21. Ra2 Qd4 22. Bd2 b5 23. b3 Qxd5 24. f4 Qc5 25. f5 bxa4 26. bxa4 Bc6 27. Bg5 Bxg2+ 28. Rxg2 Be5 29. Bh6 Qa3 30. Rf3 Rc3 31. Rgf2 Rec8 32. fxg6 hxg6 33. Kg2 Rxf3 34. Rxf3 Qa2+ 35. Rf2 Qc4 36. Qf3 Qc6 37. Qxc6 Rxc6 38. Be3 a6 39. a5 Rc3 40. Re2 Ra3 41. Bb6 Rg3+ 42. Kf2 Rxh3 43. Re4 f5 44. gxf5 gxf5 45. Rc4 Kf7 46. Rc7+ Ke6 47. Ra7 f4 48. Rxa6 Kf5 49. Ra8 Ke4 50. a6 Rh2+ 51. Kg1 Ra2 52. a7 Bd4+ 53. Kf1 Ra1+ 54. Kg2 f3+ 55. Kg3 f2 56. Bxd4 f1=Q 57. Bxa1 Qf4+ 58. Kg2 Qf3+ 59. Kh2 Kd3 60. Rh8 Qf2+ 61. Kh3 Qxa7 62. Bf6 d5 63. Kg4 Qg1+ 64. Kf5 d4 65. Rh4 Qf2+ 66. Rf4 Qxf4+ 1/2-1/2